| 000 | 01039 a2200253 4500 | ||
|---|---|---|---|
| 020 | _a0387225757 | ||
| 040 |
_aDLC _bDLC |
||
| 082 | 0 | 0 | _a621.382/1 |
| 100 | 1 | _aBahai, Ahmad R. S. | |
| 245 | 1 | 0 |
_aMulti-carrier digital communications: theory and applications of OFDM _btheory and applications of OFDM _cAhmad R.S. Bahai, Burton R. Saltzberg, Mustafa Ergen |
| 250 | _a2nd ed. | ||
| 260 |
_aNew York : _bSpringer, _c2004. |
||
| 300 |
_axix, 411 p. : _bill. ; _c24 cm. |
||
| 440 | 0 | _aInformation technology--transmission, processing, and storage | |
| 650 | 0 | _aDigital communications. | |
| 650 | 0 | _aOrthogonal frequency division multiplexing. | |
| 650 | 0 | _aSpread spectrum communications. | |
| 650 | 0 | _aOrthogonalization methods. | |
| 700 | 1 | _aSaltzberg, Burton R. | |
| 700 | 1 | _aErgen, Mustafa. | |
| 856 | 4 | 2 |
_3Publisher description _uhttp://www.loc.gov/catdir/enhancements/fy0819/2004052575-d.html |
| 856 | 4 | 2 |
_3Table of contents only _uhttp://www.loc.gov/catdir/enhancements/fy0819/2004052575-t.html |
| 942 |
_cBK _k621.3821 BAH _2ddc |
||
| 999 |
_c8227 _d8227 |
||